| 000 | 01128nam0a2200337 4500 | ||
|---|---|---|---|
| 001 | RU\NLR\BIBL_A\012613387 | ||
| 005 | 20211207152801.0 | ||
| 010 |
_a978-5-906730-96-1 _91000 |
||
| 021 |
_aRU _bКН-П-21-037267 _9КН-П-21-2904 |
||
| 035 | _a(NLR Aleph) 012613387 | ||
| 090 |
_a12616809 _c12616809 |
||
| 100 | _a20211007d2021 u y0rusy50 ca | ||
| 101 | 0 | _arus | |
| 102 | _aRU | ||
| 105 | _a z 000 y | ||
| 181 | 0 |
_ai _baxxe |
|
| 182 | 0 | _an | |
| 200 | 1 |
_aПетя и Дедал _eизобретательская повесть _fБ. Злотин, С. Вишнепольская, А. Кутузова |
|
| 203 |
_aТекст _bвизуальный _cнепосредственный |
||
| 210 |
_aМосква _cБилингва _d2021 |
||
| 215 |
_a166, [2] с. _cцв. ил. _d25 |
||
| 333 | _a6+ | ||
| 686 | 0 | _aШ9(2)62=Р7-4 | |
| 700 | 1 |
_aЗлотин _bБ. _gБорис |
|
| 701 | 1 |
_aВишнепольская _bС. _gСветлана |
|
| 701 | 1 |
_aКутузова _bА. _gАнна |
|
| 942 | _cBOOK | ||
| 980 | _aNB | ||